[Event "Match 79__120'/40"]
[Site "Zürich"]
[Date "2024.??.??"]
[Round "3"]
[White "Mephisto Explorer Pro"]
[Black "Mephisto Polgar sel. 5"]
[Result "1/2-1/2"]
[WhiteElo "2013"]
[BlackElo "1981"]
[Annotator "Utzinger,K"]
[PlyCount "144"]
[EventDate "2024.10.21"]
[EventType "match"]
[SourceVersionDate "2024.10.21"]

{[%evp 0,144,19,19,23,23,41,41,40,-11,-15,-15,31,32,15,26,56,49,47,23,26,15,23,19,23,13,13,18,28,32,33,-6,5,6,6,6,0,15,6,16,9,15,12,12,12,12,12,16,20,20,22,26,26,33,25,19,19,19,17,8,19,10,31,30,67,67,67,67,67,64,67,42,67,42,47,37,67,51,37,31,81,77,87,23,16,-31,19,10,16,-14,-24,-41,0,-41,-18,-124,-39,-28,-34,-107,-89,-139,-151,-163,-176,-178,-169,-180,-211,-283,-258,-258,-284,-287,-287,-287,-287,-292,-302,-393,-424,-393,-362,-437,-253,-307,-217,-219,0,0,0,0,0,0,0,0,287,0,0,0,438,0,0,0,0,0,0]} 1. d4 d5 {Match 120'/40 | Bediener: Rolf Bühler | 3. Partie: Remis | Zwischenstand: 1,5-1,5 (je 50%) / hypothetisch: 2,0-1,0 (66,6%) für Mephisto Polgar | Eröffnung: Damenbauer, Richter Veresov Angriff | Mit seinem Aufbau zeigt Weiss keinen Ehrgeiz und erlaubt dem Gegner den vollen Ausgleich schon in der Eröffnung. Mit beidseitig kleinen Ungenauigkeiten plätschert die Partie bis ins Endspiel dahin, ohne dass einer der Kontrahenten sich entscheidende Vorteile erarbeiten kann. Ein unglücklicher Bauerntausch im Zentrum mit 39...dxe4? hätte dann dem Mephisto Polgar zum Verhängnis werden können. Doch vermag der Mephisto Explorer Pro aus diesem Fehler keinen Nutzen zu ziehen. Im Gegenteil wendet sich jeweils mit entscheidenden Fehlern des Morsch Programms im 47., 50. und 63. Zug das Blatt vollkommen zugunsten von Schwarz. Doch der Mephisto Polgar zeigt sich ausserstande, die gegnerischen Fehler zu bestrafen. Und so endet die Partie am Ende mit Remis durch dreifache Stellungswiederholung.} 2. Nc3 {***ENDE BUCH*** Bewertung Stockfish 17: = (-0.04) (50%) Depth: 43/28} c6 {***ENDE BUCH*** = (0.25) (54%) Depth: 46/59} 3. Nf3 Bf5 $11 {Und schon hat Schwarz ausgeglichen.} 4. e3 (4. Bf4 {mit Entwicklung des Läufers ist bestimmt nicht schlechter.}) 4... e6 5. Bd3 Bxd3 $6 {WICHTIG: An solchen Zügen erkennt man sofort, dass es sich bei Schwarz um keinen Meisterspieler handelt. Ein solcher würde die Entwicklung mit 5...Sf6 vorantreiben und das unsachgemässe Schlagen auf f5 zulassen, was den Vorstoss e3-e4 praktisch verhindern würde. Und da der weisse Springer auf c3 steht, müsste Weiss weitere Tempi verlieren, um den strategisch notwendigen Zug c2-c4 zu ermöglichen.} 6. Qxd3 {Nun steht der Zentrumsvorstoss e3-e4 wieder zur Debatte, was Schwarz nur mit dem das Zentralfeld e5 schwächenden Vorstoss ...f5 verhindern könnte. Eine mindestens gleichwertige Alternative zu 6.Dxd3 war 6.cxd3!?, was die starken Felder e4 und c4 überdeckt und dem Anziehenden die halboffene c-Linie einräumt.} Nf6 7. O-O {Auch hier zeigt sich die mangelnde Spielstärke von Weiss, denn der sofortige Vorstoss im Zentrum mit 7.e4 war die bessere Wahl.} Na6 $6 {Ebenfalls ein typischer Computerzug, weil der Mephisto Polgar nicht den Kampf um das Feld e4 mit 7...Lb4 aufnimmt.} ({Stockfish 17:} 7... Bb4 8. a3 Bxc3 9. Qxc3 Nbd7 10. b3 O-O 11. Bb2 Rc8 12. Qb4 Qc7 13. a4 Rfd8 14. Rac1 c5 15. dxc5 Nxc5 16. Bxf6 gxf6 17. Qg4+ Kh8 18. Qh4 Kg7 19. Qg4+ Kh8 {[%eval 0,54] [%wdl 24,951,25]}) 8. a3 Nc7 $6 {Zu passiv, weshalb 8...c5 den Vorzug verdient.} 9. Ne2 {Setzt auf den Vorstoss c2-c4. Sofort 9.e4 war aber auch gut.} Bd6 10. b3 {Nichts sprach auch gegen sofort 10.c4, aber offenbar möchte Weiss nach c2-c4 d5xc4 mit b3xc4 zurückschlagen können.} O-O 11. c4 b6 12. b4 (12. Bb2 {ist etwa gleichwertig.} a5 13. Rfc1 Qe7 14. Nc3 $11) 12... dxc4 13. Qxc4 Qe8 {Zu passiv. Aber man darf nicht erwarten, dass ein Oldie als beste Fortsetzung den Bauern c6 freiwillig hergibt, wie das die übermässigen Engines mit 13...a5 vorschlagen.} (13... a5 14. bxa5 Rxa5 15. Qxc6 Ncd5 16. Bb2 Qe7 17. a4 Rfa8 18. Rfc1 Qd7 19. Qxd7 Nxd7 20. e4 Nb4 21. Ne1 Rxa4 22. Rxa4 Rxa4 $11) 14. Bb2 a5 {Die richtige Reaktion.} 15. Rfc1 axb4 16. axb4 Rxa1 17. Bxa1 Ncd5 18. Ne5 Nxb4 19. Nxc6 Nxc6 20. Qxc6 Ba3 21. Qxe8 Rxe8 {Nun riecht es gewaltig nach Remis.} 22. Rb1 Rb8 23. Nc3 Kf8 24. Kf1 Bd6 25. h3 Ke7 26. Ke2 {Schön, wie beide Programme ausnahmsweise ihre Könige systemgerecht ins Zentrum gebracht haben.} Nd5 27. Nxd5+ exd5 28. Rb5 Ke6 29. Kd3 Bc7 30. e4 Rd8 31. g4 g5 ({Einfacher war} 31... dxe4+ 32. Kxe4 g6 33. d5+ Kd7 34. Bd4 Re8+ 35. Kd3 Ra8 36. Rb3 Kd6 37. Bxb6 Bxb6 38. Rxb6+ Kxd5 $11) 32. Bb2 Rd7 {exakter 32...dxe4} 33. Bc1 f6 34. Ba3 Rd8 35. Bb4 Rd7 36. Bf8 Rd8 37. Ba3 Rd7 38. Rb2 Rd8 39. Rc2 {[#]} dxe4+ $2 $18 {[%mdl 2] ***VERLUSTZUG*** Im ungeeignetsten Moment, wo der Lc7 unter Beschuss ist, tauscht Schwarz auf e4. Für Stockfish & Co. ist damit der Fall praktisch schon zugunsten von Weiss entschieden. Nach 39...Ta8 bliebe alles im Lot.} 40. Kxe4 Kd7 (40... Rd7 {ist nicht besser} 41. d5+ Kf7 42. Bb4 $18) 41. Bb2 $2 {Weiss verpasst einen möglichen Sieg.} (41. Kf5 Ra8 42. Be7 Ra5+ (42... h6 43. Bxf6 $18) 43. Kxf6 Rd5 44. Kf7 b5 45. Rb2 Kc6 (45... Bb6 46. Bf6 $18) 46. Ke6 Rxd4 47. Rc2+ Kb7 48. Bxg5 Bb6 49. f4 $18) 41... Ra8 42. Kf5 Bd8 43. Rd2 Kd6 44. Rd3 Kd5 45. Rb3 Ra7 46. Rb4 Re7 {[#]} 47. Bc3 $18 {[%mdl 32768] ***VERLUSTZUG*** Nr. 1 von Weiss und somit totale Wende der Partie.} Rc7 $2 {Nun ist aber Weiss, der den Gewinn mit 47...Te2! verpasst.} (47... Re2) 48. Bd2 Rb7 49. Bc1 b5 {[#]} 50. Be3 $2 $18 {[%mdl 32768] ***VERLUSTZUG*** Nr. 2 von Weiss. Nach 50.f4 oder 50.La3 steht Schwarz nur leicht besser.} Be7 51. Rb3 b4 $19 {Weiss wird immer mehr zurückgedrängt. Es gibt keine genügende Verteidigung mehr, da der schon auf b4 vorgerückte Freibauer noch durch den König unterstützt werden kann.} 52. f4 Kc4 53. Rb1 Kd3 54. Bf2 gxf4 55. Kxf4 b3 56. Kf5 Kc2 57. Rf1 Ba3 $6 {Weshalb so umständlich und den Schutz des Bauern f6 aufgebend, statt einfach 57...b2 und aus ist die Maus.} (57... b2 58. d5 b1=Q 59. Rxb1 Rxb1 60. Ke6 Bd8 61. Kd7 Rb8) 58. d5 b2 59. Bd4 b1=Q 60. Rxb1 Rxb1 61. Bxf6 {Nun wäre für den schwarzen Gewinn noch technisches Geschick notwendig. Daran scheitert der Mephisto Polgar.} Rh1 62. h4 Re1 $2 $11 {Vermasselt die Partie zum Remis, weil die tiefe Rechenpower wieder einmal zugeschlagen hat.} (62... Kd3 63. Be5 Kc4 64. d6 Kd5 65. d7 Rf1+ 66. Bf4 Be7 67. g5 Bd6 68. g6 Rxf4+ 69. Kg5 Rf8 70. g7 Rg8 $19) {[#]} 63. Be5 $19 {[%mdl 32768] ***VERLUSTZUG*** Nr. 3 von Weiss. Ausgleich war mit 63.h5 als auch 63.g5 zu haben.} ({Rems Sep24-avx2: 1)} 63. h5 {= (0.00) (50%) ST 44} Kd3 64. g5 Rh1 65. h6 Rf1+ 66. Ke6 Re1+ 67. Kf7 Rg1 68. Ke6 Ke4 69. d6 Rd1 70. d7 Rd6+ 71. Ke7 Kf5 72. Ke8 Bc1 73. d8=Q Rxd8+ 74. Bxd8 Bxg5 75. Bxg5 Kxg5 76. Ke7 Kxh6 77. Kf6 Kh5 78. Kf5 h6 79. Kf4 Kg6 80. Kg4 h5+ 81. Kf4 Kf6 82. Kg3 Kg5 83. Kh3 h4 84. Kh2 Kg4 85. Kg2 h3+ 86. Kh1 Kh5 87. Kg1 Kg5 88. Kh1 Kh5 {[%eval 0,44] [%wdl 3,994,3]}) ({Rems Sep24-avx2: 2)} 63. g5 {= (-0.11) (50%) ST 43} Rh1 64. Ke6 Kd3 65. d6 Bxd6 66. g6 hxg6 67. Kxd6 Re1 68. Kd7 Re4 69. Be7 Kd4 70. Bg5 Kd5 71. Bf6 Re3 72. Bg7 Ra3 73. Ke7 Ra7+ 74. Kf8 Ke6 75. Bh6 Ra4 76. Bg5 Rg4 77. Kg7 Kf5 78. Bd8 Rc4 79. Bg5 Rc8 80. Kh7 Rc7+ 81. Kg8 Kg4 82. Bf6 Ra7 83. Bg5 Ra6 84. Kh7 Kh5 85. Kg8 Ra8+ 86. Kh7 Ra5 87. Bf6 Ra6 88. Bg5 Kg4 89. Kg8 Kf5 90. Be3 Ra4 91. Bg5 {[%eval -11,43] [%wdl 1,994,5]}) 63... Bb2 $2 {Schwarz packt seine Chance nicht, erlaubt den Läufertausch, wonach ein schwarzer Gewinn nicht mehr möglich ist. Der starke weisse Freibauer auf der d-Linie kann den schwarzen Turm im Zaum halten. Und der schwarze König stehts abseits vom Kampfplatz.} (63... Rd1 64. Ke6 Kd3 65. d6 Ke4 66. g5 Rd5 67. Bg3 Bb4 68. Bf4 Rb5 69. d7 Ba5 70. Bg3 Bd8 71. Kf7 Kf5 72. Ke8 Ba5 73. Kf7 Rd5 74. Ke7 Rd2 75. Bb8 Bb4+ 76. Ke8 Re2+ 77. Kd8 (77. Kf7 Re7+ 78. Kg8 Rxd7) 77... Be7+ 78. Kc7 Rc2+ 79. Kb7 Rb2+ 80. Kc8 Rxb8+ 81. Kxb8 Kg4 82. Kc7 Kxh4 $19) 64. Bxb2 Rf1+ (64... Kxb2 {ändert nichts} 65. d6 Rd1 66. Ke6 Re1+ 67. Kf7 Rd1 68. Ke7 Re1+ {ausgeglichen}) 65. Ke6 Kxb2 66. d6 Rd1 67. d7 Rd4 68. Ke7 Re4+ 69. Kf6 Rf4+ 70. Ke7 Re4+ 71. Kf6 Rd4 72. Ke7 Re4+ {***3x REMIS***} 1/2-1/2

[Event "Match 79__120'/40"]
[Site "Zürich"]
[Date "2024.??.??"]
[Round "4"]
[White "Mephisto Polgar sel. 5"]
[Black "Mephisto Explorer Pro"]
[Result "0-1"]
[WhiteElo "1981"]
[BlackElo "2013"]
[Annotator "Utzinger,K"]
[PlyCount "117"]
[EventDate "2024.10.21"]
[EventType "match"]
[SourceVersionDate "2024.10.21"]

{[%evp 0,117,19,31,14,1,-3,6,27,7,2,-15,-1,5,34,31,91,31,26,-63,-63,-78,-74,-99,-100,-60,-45,-25,-38,-27,-4,10,8,-58,-58,-123,-128,-128,-167,-174,-179,-316,-282,-788,-323,-416,-416,-416,-437,-437,-436,-436,-437,-437,-450,-448,-444,-443,-394,-430,-442,-443,-410,-429,-388,-364,-378,-402,-418,-416,-438,-444,-422,-433,-433,-433,-433,-433,-404,-408,-439,-463,-468,-476,-477,-484,-505,-537,-437,-464,-474,-481,-490,-481,-520,-523,-523,-534,-572,-599,-605,-654,-651,-703,-701,-709,-711,-736,-651,-650,-816,-817,-879,-943,-1005,-1692,-1968,-2206,-2298,-2609]} 1. d4 Nf6 {Match 120'/40 | Bediener: Rolf Bühler | 4. Partie: Schwarz (Explorer Pro) gewinnt | Zwischenstand: 2,5-1,5 (62,6%) für Mephisto Explorer Pro / hypothetisch: 2,0-2,0 (je 50%) unentschieden | Eröffnung: Damenindisch, Nimzowitsch 5.b3 d5 6.Lg2 | In dieser Partie sind beide Programme taktisch weitgehend überfordert. Das zeigt sich besonders klar in diesem Beispiel. Den tödlichen Fehler 14.Dc2? des Mephisto Polgar beantwortet der Mephisto Explorer Pro mit dem riesenstarken Vorstoss 14...e5!! und gibt dabei scheinbar einen Bauern her für absolut Nichts. Weiss nimmt dieses vergiftete Geschenk aus welchen Gründen auch immer nicht an und wählt mit 15.a3 die zweitbeste Verteidigung. Statt nun den Gewinn auszupacken, zieht sich der schwarze Läufer mit 15...Ld6? zurück und verliert so seinen ganzen Vorteil. Leider erkennt der Mephisto Polgar das nicht und gerät mit 16.dxe5? sofort wieder auf die Verliererstrasse. Aus diesem Verhalten und den möglichen Gewinnvarianten, alle viel zu tief für unsere Oldies, wird klar, a) dass Schwarz seinen Bombenzug 14...e5!! aus dem falschen Grund gespielt haben muss und b) dass beide Programme in dieser Spielphase die taktischen Möglichkeiten völlig übersehen haben, obwohl sie mit 14...e5!! und 15.a3 gute Züge im Angriff bzw. in der Verteidigung gespielt haben. Somit ein glücklicher Sieg für den Mephisto Explorer Pro und eine unglückliche Niederlage für den Mephisto Polgar.} 2. c4 e6 3. Nf3 b6 4. g3 Ba6 5. b3 d5 {***ENDE BUCH*** Bewertung Rems M-091024: = (0.26) (53%) (+8% =90% -2%)} 6. Bg2 dxc4 7. Ne5 {***ENDE BUCH*** Bewertung Rems M-091024: +/- (0.87) (70% +40% =60% -0%)} c6 $2 $16 {Eine typische Computerfortsetzung, die zu klarem Vorteil von Weiss führen sollte. Aber in dieser Stellung haben unsere alten Schätze keinen Durchblick.} (7... Bb4+ 8. Kf1 Bd6 9. Bxa8 Bxe5 10. e3 c5 11. f4 Bd6 12. dxc5 Nbd7 13. Qxd6 Qxa8 14. c6 Nb8 15. Ba3 Nxc6 $11) 8. Nxc6 {Danach ist es statt +/- nur noch += für Weiss.} (8. O-O $1 cxb3 9. Nxc6 Qc8 10. Ne7 Bxe7 11. Bxa8 bxa2 12. Rxa2 Nd5 13. Ba3 Bc4 14. Rc2 Qa6 15. Qc1 b5 16. Bxe7 Nxe7 17. Na3 Bb3 18. Rc7 Nd7 19. Bc6 Nxc6 20. Rxc6 {1-0 (20) Schmidt,W (2485)-Zolnierowicz,K (2330) Poznan 1984}) 8... Qc8 9. Ne7 $2 {Danach gerät Weiss gar in Nachteil.} (9. Ne5 $1 Bb7 10. O-O $11) 9... Bxe7 10. Bxa8 {Die ganze Abwicklung hat dem Weissen einen Qualitätsgewinn eingebracht, verständlich also, dass darauf eingegangen wurde. Nicht bemerken konnte der Mephisto Polgar, dass er nun aber schlechter steht.} Bb4+ 11. Kf1 ({Oder} 11. Bd2 c3 12. Nxc3 Bxc3 13. Rc1 Bxd2+ 14. Qxd2 Qd7 $17) ({Oder} 11. Nd2 $2 c3 12. O-O cxd2 13. Bxd2 Bxd2 14. Qxd2 Nc6 15. Bxc6+ Qxc6 $19) 11... Nc6 12. Bxc6+ {erzwungen} Qxc6 13. Kg1 {Natürlich ist 13.Tg1 deutlich besser, weil Mattdrohungen auf h1 oder g2 nicht mehr existieren.} c3 {[#]} 14. Qc2 $2 {[%mdl 2] Nach dieser erneuten Ungenauigkeit ist Weiss verloren. Nur mit 14.De1 kann Weiss noch auf etwas wie Kampf hoffen.} ({MagicKnight-avx2:} 14. Qe1 {-/+ (-1.39) (7%) (+0% =14% -86%)} Bb7 15. f3 Nd5 16. a3 Be7 17. Ra2 c2 18. Nd2 Qc3 19. h3 h5 20. Kh2 h4 21. Rg1 f5 22. e4 Ne3 23. Nc4 Qxe1 24. Rxe1 hxg3+ 25. Kg1 fxe4 26. fxe4 Nf5 27. Rxc2 Rxh3 28. Bb2 g5 29. Rce2 a5 30. Ne5 Nh4 31. Re3 Bd6 32. Bc3 Bxa3 33. b4 axb4 34. Ba1 b5 35. Rb3 Ba8 36. Ng4 Kf7 37. Ne5+ Ke7 38. Rd3 b3 39. Rxb3 Bd6 40. Rbe3 b4 41. Rb1 Nf5 42. Rc1 {[%eval -138,51] [%wdl 0,151,849]}) {[#]} 14... e5 $3 {Eine sehr starke und gar nicht auf der Hand liegende Fortsetzung. Ich vermute indessen, dass der Textzug aus einem völlig falschen Grund gespielt wurde. Denn im möglichen Variantendschungel mit Figurenopfer findet sich der Mephisto Explorer bestimmt nicht zurecht.} {Man kann sich fragen, weshalb Weiss den Bauern e5 nicht einfach schnappt. Hier einige Varianten, die aber viel zu tief sind, um von unseren Oldies erkannt zu werden.} 15. a3 $19 (15. dxe5 O-O $3 {und falls nun} 16. exf6 {so} Re8 {und Schwarz steht ebenso wenig offensichtlich auf Gewinn, wie einigen Variante zeigen.} 17. a3 (17. Ba3 Rxe2 18. Qxe2 Bxe2 19. Bxb4 Bf1 20. Kxf1 Qxh1+ 21. Ke2 c2 $19) (17. e3 Bb7 18. e4 Rxe4 19. f3 Re1+ 20. Kf2 Qxf3+ 21. Kxe1 Qxh1+ 22. Ke2 Qf3+ 23. Ke1 Ba6 24. Qf2 Qh1+ 25. Qf1 Qxf1#) (17. Nxc3 Bxc3 18. Be3 (18. Rb1 Bb7 {und Matt in 13}) 18... Bb7 19. f3 Bxa1 20. Qxc6 Bxc6 21. Kf2 Bxf6 $19) 17... Rxe2 18. Qd1 Bb7 19. Qd8+ Bf8 20. Qxf8+ Kxf8 21. fxg7+ Kxg7 22. Kf1 Qf3 23. Bh6+ Kxh6 24. h3 Qxf2#) (15. d5 Nxd5 16. h3 (16. a3 Bc5 17. b4 Bb7 $1 18. e4 Bd4 $19) 16... Bc5 17. Kh2 Bb7 18. f3 O-O 19. Re1 f5 20. a3 f4 21. b4 fxg3+ 22. Kxg3 Bd4 $19 {und Weiss ist vollständig gelähmt} 23. Rf1 (23. e4 Qg6+ {Matt in 13}) 23... e4 24. Qxe4 Qd6+ 25. Kg2 (25. f4 Ne3 {Matt in 13}) 25... Ne3+ 26. Bxe3 Bxe4 27. Bxd4 Qxd4 28. fxe4 Qxe4+ 29. Rf3 Qxe2+ {Matt in 3}) 15... Bd6 $2 $11 {Schon die erste Antwort nach dem super starken 14...e5 bringt Schwarz aus dem Konzept. Ein Beweis mehr für "starker Zug aus falschem Grund".} (15... Bb7 16. f3 e4 $1 17. Ra2 (17. axb4 exf3 18. Nxc3 f2+ 19. Kxf2 Qxh1 $19) 17... O-O 18. Qd1 (18. axb4 exf3 19. exf3 Qxf3 20. Qg2 Qd1+ 21. Qf1 Qxd4+ 22. Qf2 Qe4 $19) 18... Be7 19. Rc2 Nd5 20. fxe4 f5 $1 21. e3 Nxe3 $1 22. d5 Qh6 23. Nxc3 Nxd1 24. Bxh6 Bc5+ 25. Kg2 Nxc3 26. Rxc3 gxh6 27. b4 Bd6 28. Kf3 Re8 29. Rd1 Rxe4 $19) {[#]} 16. dxe5 $2 $19 {[%mdl 2] Aber auch Weiss ist nicht auf der Höhe, verpasst den Ausgleich mit 16.Dxc3, und gerät wieder in eine verlorene Stellung.} Bxe5 17. h3 Ne4 18. Rh2 (18. Bf4 Bxf4 19. gxf4 Nxf2 $1 20. Rh2 Ne4 $19) 18... O-O 19. Be3 Rd8 {Noch stärker war 19...Te8.} 20. Ra2 Qd5 21. Rh1 Bb7 (21... Nxg3 {gewinnt ebenfalls, denn wegen Mattangriff darf der Springer nicht geschlagen werden.} 22. fxg3 Bb7 23. Rh2 Bxg3 24. Nxc3 Bxh2+ 25. Kf2 Qg2+ 26. Ke1 Bg3+ 27. Bf2 Qxf2#) 22. Qd3 {Noch am besten.} Nxg3 $1 {Korrekt kombiniert.} 23. Qxd5 Rxd5 24. Nxc3 (24. fxg3 Rd1+ 25. Kf2 Rxh1 $19 {und gewinnt, da auch noch der Sb1 in die Binsen geht.}) 24... Bxc3 25. Rc2 Be5 26. fxg3 (26. Rh2 Rd1# {Matt}) 26... Rd1+ 27. Kf2 Rxh1 {Schwarz hat eine ganze Leichtfigur mehr bei noch immer besserer Stellung. Sollte der Mephisto Explorer Pro diese Partie mit Remis oder Verlust noch in den Sand setzen, müsste man dieses Match beenden. Auf weitere Kommentare kann ich jetzt verzichten.} 28. Rd2 h6 29. Rd8+ Kh7 30. Bf4 Bxf4 31. gxf4 Rxh3 32. Rd7 Bc6 33. Rxf7 a5 34. e3 Rh2+ 35. Kg3 Ra2 36. f5 Kg8 37. Rc7 Bd5 38. Kf4 Bxb3 39. Rb7 Rxa3 40. Rxb6 Ra4+ 41. Ke5 Bc2 42. Rb8+ Kh7 43. Rb2 Rc4 44. f6 Kg6 45. fxg7 Kxg7 46. Kd5 Rc8 47. Rb7+ Kf6 48. Ra7 a4 49. Ra6+ Kg5 50. Ra5 h5 51. Kd4+ Kg4 52. e4 h4 53. Ra7 Bb3 54. Ra6 h3 55. Rg6+ Kh5 56. Rg3 Kh4 57. Re3 h2 58. Re1 Rd8+ 59. Kc3 {***AUFGEGEBEN***} 0-1